The nigerian journal of economic and social studies (Record no. 38717)

MARC details
000 -LEADER
fixed length control field 00441nam a2200157Ia 4500
022 ## - INTERNATIONAL STANDARD SERIAL NUMBER
ISSN 00290092
050 ## - CALL MARK
Classification number HC 517 .N48 .N5/
245 #4 - TITLE STATEMENT
Title The nigerian journal of economic and social studies
260 ## - PUBLICATION, DISTRIBUTION, ETC. (IMPRINT)
Name of publisher Nigerian Economic Society
260 ## - PUBLICATION, DISTRIBUTION, ETC. (IMPRINT)
Year of publication 2003
300 ## - PHYSICAL DESCRIPTION
Number of Pages 173 p. ; 21-24 cm.
650 ## - SUBJECT ADDED ENTRY--TOPICAL TERM
Topical Term Nigeria--Economic conditions--Periodicals.
942 ## - ADDED ENTRY ELEMENTS (KOHA)
Koha item type Serials

No items available.